000 00628nam a2200253Ia 4500
003 OSt
005 20220912152742.0
006 a|||||r|||| 00| 0
007 ta
008 220909b |||||||| |||| 00| 0 eng d
024 _a36231
037 _cTextual
040 _aCSL
_beng
_cCSL
041 _aeng
082 _aD65,8(B):3, M2
100 _aPrice Wilson T
245 0 _aData processing: Fundamentals
260 _c1982
300 _ap.
_ccm.
650 _a Electronic data processing
650 _aComputer science
942 _hD65,8(B):3, M2
_cTEXL
_2CC
999 _c91198
_d91198